000
00330nam a22001337a 4500
008
170717b xxu||||| |||| 00| 0 eng d
020
_a
0819602736
041
_a
eng
080
_a
2
100
_a
24
101
_a
TEO
245
_a
THE MINOAN-MYCENAEAN RELIGION AND ITS SURVIVAL IN GREEK RELIGION
_c
NILSSON,M,P
942
_2
udc
_c
BK
999
_c
21337
_d
21337